Minecraft Advancments 1.21.11 - Statistics

General Stats
  • This quiz has been taken 10 times
  • The average score is 9 of 15
Answer Stats
Hint Answer % Correct
3 Getting an Upgrade
88%
2 Stone Age
88%
10 Diamonds!
75%
9 Ice Bucket Challenge
75%
12 Cover Me with Diamonds
63%
15 Eye Spy
63%
6 Hot Stuff
63%
5 Suit Up
63%
1 The End?
63%
13 Enchanter
50%
7 Isn't It Iron Pick
50%
11 We Need to Go Deeper
50%
8 Not Today, Thank You
25%
14 Zombie Doctor
25%
4 Aquire Hardware
13%
No matching quizzes found
Score Distribution
Percent of People with Each Score
Percentile by Number Answered
Your Score History
You have not taken this quiz